Personnages de fiction de A à Z en images - Statistiques

Statistiques générales
  • Ce quiz a été pris 590 fois
  • Le résultat moyen est 21 sur 26
Statistiques - réponses
Par images Hint Réponse % Correct
B Batman
100%
C Cendrillon
100%
M Mario
100%
O Obélix
100%
H Homer Simpson
99%
K Kirikou
99%
T Tintin
99%
W Winnie
99%
I Iron Man
98%
P Pikachu
98%
F Fiona
97%
S Scooby-Doo
96%
R Ron Wealsey
95%
G Gaston Lagaffe
91%
L Luke Skywalker
86%
J Jacquouille
85%
Y Yakari
84%
E Edward
83%
V Vegeta
80%
A Albator
71%
X Xena
54%
D Dracula
39%
N Negan
38%
Q Quickos
27%
Z Zuko
23%
U Ulrich Stern
22%
Aucun quiz correspondant
Distribution des résultats
% des personnes avec chaque résultat
Percentile par nombre de réponses
Votre historique - résultats
Vous n’avez pas pris ce quiz